Hauptstädte aller US-Bundesstaaten - Statistiken

Allgemein
  • Dieses Quiz wurde 31 mal gespielt
  • Das Durchschnittsergebnis liegt bei 31 aus 99
Antwortstatistiken
Bundesstaat Jahr Hauptstadt % Korrekt
Georgia seit 1868 Atlanta
78%
Arizona seit 1912 Phoenix
78%
Colorado seit 1876 Denver
74%
Massachusetts seit 1788 Boston
70%
Hawaii seit 1959 Honolulu
70%
Oklahoma Seit 1910 Oklahoma City
70%
Kalifornien seit 1854 Sacramento
70%
Kalifornien 1850-1852 San Jose
70%
Alaska seit 1959 Juneau
63%
Alabama seit 1847 Montgomery
63%
New York 1788-1797 New York
63%
Utah seit 1896 Salt Lake City
63%
Florida seit 1845 Tallahassee
63%
Texas seit 1845 Austin
59%
Idaho seit 1890 Boise
59%
Tennessee seit 1843 + Nashville
59%
North Dakota seit 1889 Bismarck
56%
Indiana seit 1825 Indianapolis
56%
Arkansas seit 1836 Little Rock
56%
Louisiana seit 1882 Baton Rouge
52%
Wyoming seit 1890 Cheyenne
52%
Iowa seit 1857 Des Moines
52%
Kentucky seit 1792 Frankfort
52%
Mississippi seit 1822 Jackson
52%
Washington seit 1889 Olympia
52%
Oregon Seit 1859 Salem
52%
New York seit 1797 Albany
48%
Ohio Seit 1816 Columbus
48%
Michigan seit 1847 Lansing
48%
Pennsylvania 1787-1799 Philadelphia
48%
North Carolina seit 1794 Raleigh
48%
Minnesota seit 1858 Saint Paul
48%
Illinois seit 1839 Springfield
48%
Kansas seit 1861 Topeka
48%
Nevada seit 1864 Carson City
44%
Pennsylvania seit 1812 Harrisburg
44%
Connecticut seit 1788 Hartford
44%
Louisiana 1812-1830 + New Orleans
44%
South Dakota seit 1889 Pierre
44%
New Mexico seit 1912 Santa Fe
44%
New Jersey seit 1790 Trenton
44%
Georgia bis 1796 Augusta
41%
Maine seit 1832 Augusta
41%
Mississippi 1821-1822 Columbia
41%
South Carolina seit 1790 Columbia
41%
Michigan 1837-1847 Detroit
41%
Delaware seit 1787 Dover
41%
Montana seit 1889 Helena
41%
Missouri seit 1826 Jefferson City
41%
Virginia seit 1788 Richmond
41%
Missouri 1821-1826 Saint Charles
41%
South Carolina 1788-1790 Charleston
37%
West Virginia seit 1885 + Charleston
37%
Nebraska seit Aug. 1867 Lincoln
37%
Wisconsin seit 1848 Madison
37%
Vermont seit 1805 Montpelier
33%
Georgia 1796–1804 Louisville
30%
Rhode Island seit 1900 + Providence
30%
Maryland seit 1788 Annapolis
26%
New Hampshire seit 1808 Concord
26%
Maine 1820-1832 Portland
26%
Arkansas 1863 - 1865* Washington
19%
Tennessee 1796 - 1812 + Knoxville
15%
Kentucky Juni - Dez. 1792 Lexington
15%
Kentucky 1861–1862* Bowling Green
11%
Nebraska März - Aug. 1867 Omaha
11%
New Jersey 1787-1790 Burlington
4%
Rhode Island 1790-1854 East Greenwich
4%
Pennsylvania 1799-1812 Lancaster
4%
Tennessee 1817-1843 Murfreesboro
4%
North Carolina 1789-1794 New Bern
4%
Connecticut 1788-1875 New Haven
4%
New Jersey 1787-1790 Perth Amboy
4%
Louisiana 1863-1865* Shreveport
4%
Rhode Island 1790-1854 South Kingstown
4%
Alabama 1826–1847 Tuscaloosa
4%
Kalifornien 1853-1854 Benicia
0%
Rhode Island 1790-1854 Bristol
0%
Alabama 1820–1826 Cahawba
0%
Ohio 1803-1810 + Chillicothe
0%
Indiana 1816-1825 Corydon
0%
Louisiana 1830-1831 Donaldsonville
0%
New Hampshire 1788-1789 Exeter
0%
Oklahoma 1907-1910 Guthrie
0%
Alabama 1819-1820 Huntsville
0%
Iowa 1846-1857 Iowa City
0%
Illinois 1818-1820 Kaskaskia
0%
Missouri 1862-1865* Marshall
0%
Georgia 1804-1868 Milledgeville
0%
Mississippi 1817-1821 Natchez
0%
Rhode Island 1854-1900 + Newport
0%
Louisiana 1862-1863* Opelousas
0%
New Hampshire 1789-1808 Portsmouth
0%
Vermont 1791-1805 Rutland
0%
Kalifornien 1852-1853 Vallejo
0%
Illinois 1820-1839 Vandalia
0%
West Virginia 1863-1870 + Wheeling
0%
Vermont 1791-1805 Windsor
0%
Ohio 1810-1812 Zanesville
0%
Keine übereinstimmenden Quizze gefunden
Verteilung der Resultate
Anzahl Personen mit jedem Resultat
Perzentil nach korrekt beantworteten Fragen
Ihre Resultats-Entwicklung
Sie haben dieses Quiz noch nicht gespielt